00398pab a2200145 454500008004000000100001700040245007500057260000900132300001300141362000900154650002800163650001200191700002000203773002900223180718b1996 xxu||||| |||| 00| 0 eng d aForrest, Ray aCoping strategies, housing careers and households with negative equity c1996 ap.369-94 aJuly aHousing - Great Britain aHousing aKennett, Tricia aJournal of Social Policy